Purification of laboratory chemicals.

Guardado en:
Detalles Bibliográficos
Autor principal: Armarego, W. L. F.
Otros Autores: Chai, Christina Li Lin
Formato: Libro
Lenguaje:inglés
Publicado: Amsterdam ; Boston Butterworth-Heinemann c2003.
Edición:5th ed. /
Materias:
Acceso en línea:Table of contents
Publisher description
Ver en el OPAC
Etiquetas: Agregar Etiqueta
Sin Etiquetas, Sea el primero en etiquetar este registro!

MARC

LEADER 00000cam a2200000 a 4500
005 20260127133927.0
008 040106s2003 ne b 001 0 eng d
010 |a 2004-267007 
020 |a 0750675713 
035 |a vtls008702946 
039 9 |y 200605231118  |z mschk03 
040 |a STUSCHK1  |b slo  |c STUSCHK1 
042 |a lccopycat 
082 0 0 |a 542  |2 22 
100 1 |a Armarego, W. L. F. 
245 1 0 |a Purification of laboratory chemicals. 
250 |a 5th ed. /  |b Wilfred L.F. Armarego, Christina Li Lin Chai. 
260 |a Amsterdam ;  |a Boston  |b Butterworth-Heinemann  |c c2003. 
300 |a xv, 609 p.  |c 30 cm. 
504 |a Includes bibliographical references and index. 
650 0 |a Chemicals  |x Purification. 
700 1 |a Chai, Christina Li Lin. 
856 4 1 |3 Table of contents  |u http://www.loc.gov/catdir/toc/els051/2004267007.html 
856 4 2 |3 Publisher description  |u http://www.loc.gov/catdir/description/els051/2004267007.html 
906 |a 7  |b cbc  |c copycat  |d 2  |e ncip  |f 20  |g y-gencatlg 
910 |a SCHK95 
919 |a 0-7506-7571-3 
925 0 |a acquire  |b 2 shelf copies  |x policy default 
955 |e jp14 2004-03-11 to Dewey  |e jp14 2004-07-23 c.1 returned to BCCD 
999 |c 203  |d 203